Latin Expressions - Statistics

General Stats
  • This quiz has been taken 26 times
  • The average score is 7 of 35
Answer Stats
Hint Answer % Correct
seize the day carpe diem
73%
in wine, truth in vino veritas
59%
until infinity ad infinitum
45%
each year per annum
41%
something for something quid pro quo
41%
until nausea ad nauseam
36%
let the buyer beware caveat emptor
36%
the existing state of affairs status quo
36%
towards this ad hoc
32%
it doesn't follow non sequitur
32%
by the heads per capita
32%
in fact de facto
27%
each day per diem
27%
the die is cast alea iacta est
23%
rest in peace requiescat in pace
23%
with good faith bona fide
18%
the other way round vice versa
18%
art for art's sake ars gratia artis
14%
way or working modus operandi
14%
in itself per se
14%
under the rose / in secret sub rosa
14%
for whose good? cui bono?
9%
in another place alibi
5%
in the room in camera
5%
according to pleasure ad lib
0%
of the dead, nothing unless it is good de mortius nil nisi bonum
0%
for example e.g (exempli gratia)
0%
and other people et al. (et alii)
0%
and other things etc. (etcetera)
0%
that is i.e (id est)
0%
note well NB (nota bene)
0%
in proportion pro rata
0%
after writing PS (post scriptum)
0%
that to be demonstrated QED (quod erat demonstrandum)
0%
the thing speaks for itself res ipsa loquitur
0%
No matching quizzes found
Score Distribution
Percent of People with Each Score
Percentile by Number Answered
Your Score History
You have not taken this quiz